书目信息 |
| 题名: |
短篇小说
|
|
| 作者: | 陈建功 , 陈昌本 编 | |
| 分册: | ||
| 出版信息: | 北京 华文出版社 1998.04 |
|
| 页数: | 386页 | |
| 开本: | 20cm | |
| 丛书名: | 鲁迅文学奖获奖作品丛书 | |
| 单 册: | ||
| 中图分类: | I247.7 | |
| 科图分类: | ||
| 主题词: | 小说--中国 | |
| 电子资源: | ||
| ISBN: | 7-5075-0718-1 | |
| 000 | 00677nam0 2200229 450 | |
| 001 | 0754571542 | |
| 005 | 20070328151114.28 | |
| 010 | @a7-5075-0718-1@dCNY27.00 | |
| 100 | @a20070328d1998 km y0chiy0120 ea | |
| 101 | 0 | @achi |
| 102 | @aCN@b110000 | |
| 200 | 1 | @a短篇小说@Aduan pian xiao shuo@f陈建功,陈昌本编@Fchen jian gong,chen chang ben bian |
| 210 | @a北京@c华文出版社@d1998.04 | |
| 215 | @a386页@d20cm | |
| 225 | 2 | @a鲁迅文学奖获奖作品丛书 |
| 410 | 0 | @12001 @a鲁迅文学奖获奖作品丛书 |
| 606 | 0 | @a小说@x中国 |
| 690 | @aI247.7@v3 | |
| 701 | 0 | @a陈建功@Achen jian gong@4编 |
| 701 | 0 | @a陈昌本@Achen chang ben@4编 |
| 801 | 0 | @aCN@c20070328 |
| 905 | @a10447@dI247.7@eC461 | |
| 短篇小说/陈建功,陈昌本编.-北京:华文出版社,1998.04 |
| 386页;20cm.-(鲁迅文学奖获奖作品丛书) |
| ISBN 7-5075-0718-1:CNY27.00 |
| ● |
| 相关链接 |
|
|
|
正题名:短篇小说
索取号:I247.7/C461
 
预约/预借
| 序号 | 登录号 | 条形码 | 馆藏地/架位号 | 状态 | 备注 |
| 1 | 447894 | 204478948 | 文学库108/108文学库 58排2列3层/ [索取号:I247.7/C461] | 在馆 | |
| 2 | 447895 | 204478957 | 文学库108/108文学库 58排2列3层/ [索取号:I247.7/C461] | 在馆 | |
| 3 | 447896 | 204478966 | 文学库108/108文学库 58排2列3层/ [索取号:I247.7/C461] | 在馆 |